[Event "47. Ilmar Raud Memorial"]
[Site "Viljandi"]
[Date "2013.07.02"]
[Round "2"]
[White "Telenius, Kimmo"]
[Black "Sepp, Olav"]
[Result "0-1"]
[WhiteElo "1682"]
[BlackElo "2442"]
[PlyCount "80"]
[EventDate "2013.??.??"]
[EventCountry "EST"]

1. e4 e5 2. Nf3 Nc6 3. Bb5 Nf6 4. O-O Nxe4 5. Re1 Nd6 6. Bxc6 dxc6 7. Nxe5 Be7
8. d4 O-O 9. b3 Re8 10. Bb2 Bf8 11. Nd2 Bf5 12. h3 f6 13. Nef3 Rxe1+ 14. Nxe1
Qd7 15. Ndf3 Rd8 16. Nd3 b6 17. Qf1 Be4 18. Nfe1 Nf5 19. c3 c5 20. f3 Bxd3 21.
Qxd3 cxd4 22. Rd1 Ne3 23. Rd2 dxc3 24. Bxc3 Qxd3 25. Nxd3 Rd6 26. Nb4 a5 27.
Rxd6 axb4 28. Rd3 bxc3 29. Rxc3 Bc5 30. Kh1 Nd5 31. Rc4 Kf7 32. g4 g5 33. Ra4
Bd6 34. a3 Nf4 35. Kh2 h5 36. Ra8 h4 37. a4 Ne2+ 38. Kg2 Nd4 39. a5 bxa5 40.
Rxa5 Nxb3 0-1

[Event "47. Ilmar Raud Memorial"]
[Site "Viljandi"]
[Date "2013.07.02"]
[Round "3"]
[White "Lauk, Ülar"]
[Black "Kovalev, Vladislav"]
[Result "0-1"]
[WhiteElo "2403"]
[BlackElo "2558"]
[PlyCount "106"]
[EventDate "2013.??.??"]
[EventCountry "EST"]
[TimeControl "40/5400+30:900+30"]

1. e4 e5 2. Nf3 Nc6 3. Bb5 a6 4. Ba4 Nf6 5. O-O Be7 6. Re1 b5 7. Bb3 d6 8. c3
O-O 9. h3 Na5 10. Bc2 c5 11. d4 Qc7 12. Nbd2 cxd4 13. cxd4 Rd8 14. d5 Bd7 15.
Rb1 Rdc8 16. Bd3 b4 17. b3 Nb7 18. a4 bxa3 19. Bxa3 Nc5 20. Bc4 Bb5 21. Qc2 Qd7
22. Re3 Qb7 23. Rc3 Nfd7 24. Rc1 a5 25. Bxb5 Qxb5 26. Nc4 Rcb8 27. Nfd2 g6 28.
Rb1 Qa6 29. Nxa5 Qxa5 30. b4 Qa4 31. bxc5 Qxc2 32. Rxc2 Rxb1+ 33. Nxb1 dxc5 34.
Rb2 Ra7 35. Kf1 f5 36. exf5 gxf5 37. Rb5 Kf7 38. Ke2 Bd6 39. Kd2 Nf6 40. Kd3
c4+ 41. Kxc4 Bxa3 42. Nc3 Bd6 43. Rb6 Rc7+ 44. Rc6 Rxc6+ 45. dxc6 Ke6 46. Nb5
Nd5 47. g4 f4 48. f3 Ne7 49. c7 Kd7 50. g5 Bxc7 51. h4 Bb6 52. Kd3 Ke6 53. Ke4
Nf5 0-1

[Event "47. Ilmar Raud Memorial"]
[Site "Viljandi"]
[Date "2013.07.02"]
[Round "3"]
[White "Neiksans, Arturs"]
[Black "Seeman, Tarvo"]
[Result "1/2-1/2"]
[WhiteElo "2554"]
[BlackElo "2376"]
[PlyCount "80"]
[EventDate "2013.??.??"]
[EventCountry "EST"]
[TimeControl "40/5400+30:900+30"]

1. e4 g6 2. d4 Bg7 3. Nc3 c6 4. Nf3 d5 5. h3 Nh6 6. Bd3 O-O 7. O-O dxe4 8. Nxe4
Nf5 9. c3 Nd7 10. Bf4 Nf6 11. Nxf6+ Bxf6 12. Re1 Qb6 13. b4 a5 14. a3 axb4 15.
axb4 Rxa1 16. Qxa1 Nd6 17. Bc2 Be6 18. Ne5 Bxe5 19. Bxe5 Nc4 20. Bf4 Qd8 21.
Bd3 Qd7 22. Qa7 Re8 23. Bh6 Bd5 24. Rb1 Nd6 25. Qc5 b5 26. Ra1 f6 27. Bf4 Ne4
28. Bxe4 Bxe4 29. f3 Bd5 30. Qa7 Qxa7 31. Rxa7 g5 32. Bc7 h5 33. Bb6 Kf7 34.
Bc5 h4 35. Kf2 f5 36. Ke3 Kf6 37. Kf2 f4 38. Rc7 e5 39. dxe5+ Kxe5 40. Bd4+ Kf5
1/2-1/2

[Event "47. Ilmar Raud Memorial"]
[Site "Viljandi"]
[Date "2013.07.02"]
[Round "3"]
[White "Berzinsh, Roland"]
[Black "Kveinys, Aloyzas"]
[Result "0-1"]
[WhiteElo "2400"]
[BlackElo "2479"]
[PlyCount "70"]
[EventDate "2013.??.??"]
[EventCountry "EST"]
[TimeControl "40/5400+30:900+30"]

1. e4 c5 2. Nf3 e6 3. d4 cxd4 4. Nxd4 a6 5. Nc3 Qc7 6. g3 d6 7. Bg2 Bd7 8. O-O
Nc6 9. Nb3 Rb8 10. Qe2 b5 11. a3 Be7 12. Be3 Nf6 13. f4 b4 14. axb4 Nxb4 15.
Kh1 O-O 16. Rad1 Rfc8 17. Rd2 Nxc2 18. Rxc2 Rxb3 19. Rfc1 Qb8 20. g4 h6 21. g5
hxg5 22. fxg5 Nh7 23. g6 fxg6 24. e5 dxe5 25. Nd5 Bf8 26. Rxc8 Bxc8 27. Ba7
Qxa7 28. Rxc8 Qf7 29. Ne3 Qd7 30. Ra8 Qd4 31. Nc4 Rd3 32. Rc8 e4 33. h3 Nf6 34.
Kh2 Kh7 35. Qe1 Bd6+ 0-1

[Event "47. Ilmar Raud Memorial"]
[Site "Viljandi"]
[Date "2013.07.02"]
[Round "3"]
[White "Narva, Jaan"]
[Black "Shvyrjov, Igor"]
[Result "0-1"]
[WhiteElo "2300"]
[BlackElo "2461"]
[PlyCount "92"]
[EventDate "2013.??.??"]
[EventCountry "EST"]
[TimeControl "40/5400+30:900+30"]

1. e4 c5 2. Nf3 Nc6 3. Nc3 d6 4. d4 cxd4 5. Nxd4 Nf6 6. Bc4 e6 7. Be3 Be7 8.
Qe2 a6 9. O-O-O Qc7 10. Bb3 Na5 11. Kb1 b5 12. f3 h5 13. h4 b4 14. Na4 Nxb3 15.
cxb3 Bd7 16. Rc1 Qb7 17. Bg5 O-O 18. e5 dxe5 19. Qxe5 Rac8 20. Nc5 Rxc5 21.
Rxc5 Bxc5 22. Qxc5 Rc8 23. Qe5 Nd5 24. Bd2 Qb6 25. Re1 Rc5 26. Qe4 a5 27. f4
Nf6 28. Qd3 Qd6 29. Be3 Bc6 30. Ka1 Bxg2 31. Rg1 Be4 32. Rxg7+ Kf8 33. Qd2 Rd5
34. Rg5 Ng4 35. Rxd5 Qxd5 36. a3 Bg6 37. Ka2 Qe4 38. f5 Qxe3 39. Qxe3 Nxe3 40.
fxg6 fxg6 41. Kb1 Nf5 42. Nc6 g5 43. hxg5 h4 44. Ne5 h3 45. Ng4 Kg7 46. Kc2
Ne3+ 0-1

[Event "47. Ilmar Raud Memorial"]
[Site "Viljandi"]
[Date "2013.07.02"]
[Round "3"]
[White "Külaots, Kaido"]
[Black "Ladva, Ottomar"]
[Result "1/2-1/2"]
[WhiteElo "2581"]
[BlackElo "2310"]
[PlyCount "50"]
[EventDate "2013.??.??"]
[EventCountry "EST"]
[TimeControl "40/5400+30:900+30"]

1. Nf3 d5 2. c4 e6 3. b3 Nf6 4. g3 c5 5. Bg2 Nc6 6. O-O Be7 7. Bb2 O-O 8. e3 b6
9. Qe2 Ba6 10. Nc3 Rc8 11. d3 Qc7 12. Ne1 Rfd8 13. f4 Qd7 14. Nf3 d4 15. Ne4
dxe3 16. Ne5 Nxe5 17. fxe5 Nxe4 18. Bxe4 Bb7 19. Bxh7+ Kxh7 20. Qh5+ Kg8 21.
Qxf7+ Kh7 22. Qh5+ Kg8 23. Qf7+ Kh7 24. Qh5+ Kg8 25. Qf7+ Kh7 1/2-1/2

[Event "47. Ilmar Raud Memorial"]
[Site "Viljandi"]
[Date "2013.07.02"]
[Round "3"]
[White "Sipilä, Vilka"]
[Black "Khalifman, Alexander"]
[Result "1/2-1/2"]
[WhiteElo "2423"]
[BlackElo "2630"]
[PlyCount "61"]
[EventDate "2013.??.??"]
[EventCountry "EST"]

1. e4 e5 2. Nf3 Nc6 3. Bc4 Bc5 4. c3 Nf6 5. d3 O-O 6. O-O d6 7. Bb3 Be6 8. Bxe6
fxe6 9. Qb3 Qc8 10. Be3 Bb6 11. Nbd2 Kh8 12. Ng5 h6 13. Nh3 Nh5 14. Nc4 Nf4 15.
Nxf4 exf4 16. Bxb6 axb6 17. f3 Na5 18. Nxa5 Rxa5 19. d4 Qd7 20. c4 Qe7 21. d5
Qf6 22. Rfd1 Rfa8 23. a3 exd5 24. Rxd5 Rxd5 25. cxd5 Ra5 26. Rc1 Rc5 27. Rxc5
Qd4+ 28. Kf1 bxc5 29. Qxb7 Qd1+ 30. Kf2 Qd2+ 31. Kf1 1/2-1/2

[Event "47. Ilmar Raud Memorial"]
[Site "Viljandi"]
[Date "2013.07.02"]
[Round "3"]
[White "Krupenski, Jüri"]
[Black "Miezis, Normunds"]
[Result "1/2-1/2"]
[WhiteElo "2299"]
[BlackElo "2549"]
[PlyCount "59"]
[EventDate "2013.??.??"]
[EventCountry "EST"]

1. d4 Nf6 2. c4 e6 3. Nf3 Bb4+ 4. Bd2 c5 5. Bxb4 cxb4 6. e3 b6 7. Qb3 Qe7 8.
Be2 O-O 9. O-O Bb7 10. Ne5 Nc6 11. Nd3 a5 12. a3 Ne4 13. axb4 Nxb4 14. f3 Nf6
15. Nc3 d5 16. Nxb4 axb4 17. Na2 dxc4 18. Bxc4 b5 19. Bd3 Nd5 20. Rae1 Ra5 21.
e4 Qd8 22. Nxb4 Nxb4 23. Qxb4 Ra4 24. Qc5 Qxd4+ 25. Qxd4 Rxd4 26. Bxb5 Rb4 27.
Be2 Rc8 28. Rc1 Rxc1 29. Rxc1 Rxb2 30. Bd3 1/2-1/2

[Event "47. Ilmar Raud Memorial"]
[Site "Viljandi"]
[Date "2013.07.02"]
[Round "3"]
[White "Kanep, Meelis"]
[Black "Sõskov, Vjacheslav"]
[Result "1/2-1/2"]
[WhiteElo "2512"]
[BlackElo "2278"]
[PlyCount "42"]
[EventDate "2013.??.??"]
[EventCountry "EST"]

1. Nf3 e6 2. c4 Nf6 3. Nc3 c5 4. g3 b6 5. Bg2 Bb7 6. O-O Be7 7. Re1 Nc6 8. e4
Qc7 9. e5 Ng8 10. Nb5 Qb8 11. d4 a6 12. Nc3 cxd4 13. Nxd4 Nxd4 14. Qxd4 Bxg2
15. Kxg2 f5 16. a3 Bd8 17. b4 Ne7 18. b5 axb5 19. cxb5 Qb7+ 20. f3 O-O 21. h4
h5 1/2-1/2

[Event "47. Ilmar Raud Memorial"]
[Site "Viljandi"]
[Date "2013.07.02"]
[Round "3"]
[White "Kukk, Sander"]
[Black "Volodin, Aleksandr"]
[Result "0-1"]
[WhiteElo "2201"]
[BlackElo "2485"]
[PlyCount "92"]
[EventDate "2013.??.??"]
[EventCountry "EST"]

1. e4 c5 2. Nc3 e6 3. g3 Nc6 4. Bg2 g6 5. d3 Bg7 6. f4 d6 7. Nf3 Nge7 8. O-O
O-O 9. Be3 b6 10. d4 Ba6 11. Rf2 Qc7 12. Ne2 d5 13. e5 Nf5 14. Qd2 Na5 15. b3
Rac8 16. c3 Rfe8 17. g4 cxd4 18. cxd4 Nxe3 19. Qxe3 Bh6 20. Ng5 Qe7 21. Ng3 Rc7
22. h4 Rec8 23. f5 Rc3 24. Qf4 Nc6 25. Bf1 Bxf1 26. Raxf1 Nxd4 27. Kg2 Nc2 28.
Re2 Nb4 29. f6 Qc5 30. h5 Nd3 31. Qd2 Qd4 32. hxg6 hxg6 33. Nxe6 Bxd2 34. Nxd4
Nf4+ 35. Kh2 Nxe2 36. Ngxe2 Re3 37. e6 fxe6 38. f7+ Kg7 39. Nf4 Kxf7 40. Nxd5+
Ke8 41. Nxe3 Bxe3 42. Nxe6 Rc2+ 43. Kg3 Rxa2 44. Ng7+ Kd7 45. Rf6 g5 46. Kf3
Rf2+ 0-1

[Event "47. Ilmar Raud Memorial"]
[Site "Viljandi"]
[Date "2013.07.02"]
[Round "3"]
[White "Krivonosov, Oleg"]
[Black "Dubrovin, Robert"]
[Result "0-1"]
[WhiteElo "2471"]
[BlackElo "2197"]
[PlyCount "102"]
[EventDate "2013.??.??"]
[EventCountry "EST"]

1. Nf3 d6 2. d4 Nf6 3. c4 g6 4. Nc3 Bf5 5. Nh4 Bd7 6. e4 e5 7. Nf3 Nc6 8. d5
Nb8 9. Be2 Na6 10. Be3 Ng4 11. Bg5 Be7 12. Bxe7 Qxe7 13. Nd2 Nf6 14. a3 c5 15.
dxc6 bxc6 16. b4 Nc7 17. Nb3 Ne6 18. Qd2 Rd8 19. O-O h5 20. Rfd1 Bc8 21. Qe3
Nf4 22. f3 h4 23. Bf1 N6h5 24. Ne2 Qg5 25. Nxf4 Nxf4 26. Kf2 O-O 27. g3 hxg3+
28. hxg3 f5 29. Nd2 Ne6 30. Qxg5 Nxg5 31. exf5 Bxf5 32. Be2 d5 33. cxd5 cxd5
34. Kg2 Kg7 35. Rac1 Rf7 36. Nb3 d4 37. Nc5 Bh3+ 38. Kf2 Rdf8 39. f4 exf4 40.
g4 f3 41. Bc4 Rf4 42. Ne6+ Nxe6 43. Bxe6 Bxg4 44. Rc7+ Kh6 45. Rh1+ Bh5 46.
Rxa7 Re4 47. Bc4 Rc8 48. Bd3 Re3 49. Rd1 Rc3 50. Bb5 Rc2+ 51. Kf1 f2 0-1

[Event "47. Ilmar Raud Memorial"]
[Site "Viljandi"]
[Date "2013.07.02"]
[Round "3"]
[White "Sriram, Jha"]
[Black "Koop, Vyacheslav"]
[Result "1-0"]
[WhiteElo "2437"]
[BlackElo "2181"]
[PlyCount "99"]
[EventDate "2013.??.??"]
[EventCountry "EST"]

1. d4 Nf6 2. c4 g6 3. Nc3 d5 4. Nf3 Bg7 5. h4 c5 6. dxc5 Qa5 7. cxd5 O-O 8. h5
Rd8 9. hxg6 hxg6 10. Bh6 Bxh6 11. Rxh6 Qxc5 12. Rh4 Nc6 13. Qc1 Ng4 14. Rxg4
Bxg4 15. dxc6 bxc6 16. Nd2 Rab8 17. Qc2 Qb4 18. b3 Qd4 19. e3 Qe5 20. Be2 Qh5
21. Bxg4 Qxg4 22. Kf1 Kg7 23. Ne2 Rb5 24. Qxc6 Rbd5 25. Nf3 e5 26. Ng3 Qb4 27.
Qc2 Qa5 28. Kg1 f6 29. Rc1 R8d7 30. Nh4 f5 31. Nf3 Qd8 32. e4 Rd1+ 33. Rxd1
Rxd1+ 34. Nf1 Kf6 35. exf5 gxf5 36. N3d2 Re1 37. Qc6+ Kg7 38. Nf3 Rd1 39. Qc2
e4 40. N3d2 Re1 41. Qc3+ Kg6 42. g3 Qd5 43. Nc4 Rb1 44. Nce3 Qd7 45. Kg2 Qb7
46. Nd2 Re1 47. Ndc4 Re2 48. Qa5 f4 49. Qf5+ Kg7 50. Qg4+ 1-0

[Event "47. Ilmar Raud Memorial"]
[Site "Viljandi"]
[Date "2013.07.02"]
[Round "3"]
[White "Kanep, Siim"]
[Black "Ehlvest, Jaan"]
[Result "0-1"]
[WhiteElo "2183"]
[BlackElo "2623"]
[PlyCount "126"]
[EventDate "2013.??.??"]
[EventCountry "EST"]

1. Nf3 d5 2. d4 Nf6 3. c4 e6 4. Nc3 Nbd7 5. Bg5 Be7 6. e3 O-O 7. Bd3 h6 8. Bh4
dxc4 9. Bxc4 a6 10. a4 b6 11. O-O Bb7 12. Qe2 c5 13. Rfd1 cxd4 14. exd4 Re8 15.
Ne5 Nf8 16. Rac1 Nd5 17. Bxe7 Rxe7 18. Qd2 Nh7 19. Nxd5 Bxd5 20. Bxd5 Qxd5 21.
Qb4 Rb7 22. Rc6 a5 23. Qc4 Nf6 24. Rc8+ Rxc8 25. Qxc8+ Kh7 26. Rc1 Ne4 27. Nc4
Qd7 28. Qxd7 Rxd7 29. f3 Nf6 30. Nxb6 Rxd4 31. Nc4 Rd5 32. Nb6 Rd6 33. Nc4 Rc6
34. Rc3 Nd5 35. Nxa5 Rxc3 36. bxc3 Nxc3 37. Nc4 Nxa4 38. Ne5 f6 39. Nd3 Nc3 40.
Kf2 Nd5 41. g3 g5 42. Nc5 e5 43. Nd3 Kg6 44. Nc5 h5 45. h3 Ne7 46. Ne6 Nf5 47.
g4 Ne7 48. gxh5+ Kxh5 49. Ng7+ Kg6 50. Ne6 f5 51. Kg3 Nc6 52. Nc5 Nd4 53. Nd7
e4 54. fxe4 fxe4 55. Ne5+ Kf5 56. Nc4 Nf3 57. Ne3+ Ke5 58. Kf2 Kd4 59. Nf1 Kd3
60. Ng3 Nd4 61. Nf1 Nf5 62. Nh2 e3+ 63. Ke1 Nd4 0-1

[Event "47. Ilmar Raud Memorial"]
[Site "Viljandi"]
[Date "2013.07.02"]
[Round "3"]
[White "Sepp, Olav"]
[Black "Sirosh, Ilja"]
[Result "1-0"]
[WhiteElo "2442"]
[BlackElo "2033"]
[PlyCount "135"]
[EventDate "2013.??.??"]
[EventCountry "EST"]

1. Nf3 Nf6 2. g3 d5 3. Bg2 g6 4. O-O Bg7 5. d3 O-O 6. Nbd2 d4 7. Nb3 Nc6 8. Bd2
e5 9. c3 dxc3 10. Bxc3 Nd5 11. Bd2 b6 12. Qc1 Bb7 13. Bh6 Qd7 14. Rd1 a5 15.
Bxg7 Kxg7 16. Qc4 Rad8 17. Rac1 Rfe8 18. a3 h6 19. Rd2 Qe6 20. Rdc2 Nb8 21. e4
Ba6 22. exd5 Bxc4 23. dxe6 Bxb3 24. exf7 Bxf7 25. Rxc7 Rxd3 26. Rb7 Rd7 27.
Rxb6 e4 28. Nh4 Rd5 29. Bh3 Red8 30. Rc7 Nd7 31. Rxd7 R8xd7 32. Bxd7 Rxd7 33.
Kf1 Rd2 34. Ke1 e3 35. fxe3 Rxh2 36. e4 Rc2 37. Nf3 g5 38. Nd4 Rc4 39. Nf5+ Kh7
40. Rxh6+ Kg8 41. Nd6 Rc2 42. b4 a4 43. Nxf7 Kxf7 44. Ra6 Rc3 45. Rxa4 Rxg3 46.
b5 Rb3 47. Rb4 Rxa3 48. b6 Ra8 49. b7 Rb8 50. Kf2 Ke6 51. Kg3 Kd6 52. Kg4 Kc5
53. Rb1 Kd4 54. Kf5 g4 55. Kf4 g3 56. Rd1+ Kc5 57. Kxg3 Rxb7 58. Kf4 Rb8 59. e5
Rb2 60. e6 Rf2+ 61. Ke5 Re2+ 62. Kf6 Rf2+ 63. Kg7 Rg2+ 64. Kf7 Rf2+ 65. Ke8 Kc6
66. e7 Kc7 67. Rc1+ Kb7 68. Rc4 1-0

[Event "47. Ilmar Raud Memorial"]
[Site "Viljandi"]
[Date "2013.07.02"]
[Round "3"]
[White "Shishkov, Andrei"]
[Black "Tominga, Eke"]
[Result "1-0"]
[WhiteElo "2375"]
[BlackElo "1993"]
[PlyCount "63"]
[EventDate "2013.??.??"]
[EventCountry "EST"]

1. d4 Nf6 2. c4 b6 3. Nc3 Bb7 4. f3 d5 5. cxd5 Nxd5 6. e4 Nxc3 7. bxc3 e5 8.
Bb5+ c6 9. Bc4 b5 10. Bb3 c5 11. dxe5 Qa5 12. Bd2 c4 13. Bc2 Ba3 14. Rb1 Nd7
15. e6 fxe6 16. f4 O-O 17. Nh3 e5 18. O-O Rad8 19. Kh1 Nc5 20. Qe2 Nd3 21. Ng5
Rfe8 22. Qh5 h6 23. Qf7+ Kh8 24. Qxb7 Nc5 25. Nf7+ Kg8 26. Qc6 Kxf7 27. fxe5+
Ke7 28. Rxb5 Qxb5 29. Qxb5 Rxd2 30. Qxc4 Ne6 31. Bb3 Kd8 32. Qb5 1-0

[Event "47. Ilmar Raud Memorial"]
[Site "Viljandi"]
[Date "2013.07.02"]
[Round "3"]
[White "Bernotas, Arturs"]
[Black "Kastelijn, Twan"]
[Result "1-0"]
[WhiteElo "2281"]
[BlackElo "1971"]
[PlyCount "69"]
[EventDate "2013.??.??"]
[EventCountry "EST"]

1. e4 e6 2. d4 d5 3. Nd2 Nf6 4. e5 Nfd7 5. Bd3 c5 6. c3 Nc6 7. Ne2 cxd4 8. cxd4
f6 9. exf6 Nxf6 10. Nf3 Bd6 11. O-O O-O 12. Bf4 Bxf4 13. Nxf4 Ne4 14. Qc1 Ng5
15. Nxg5 Qxg5 16. Ne2 Qf6 17. Qe3 e5 18. dxe5 Nxe5 19. b3 Bg4 20. f3 Bh5 21.
Qd4 Rad8 22. Rad1 a6 23. Bb1 Rfe8 24. Rd2 Qh6 25. Ng3 Nc6 26. Qf2 Re5 27. Rfd1
Bf7 28. f4 Ree8 29. Nf5 Qf6 30. Ne3 d4 31. Ng4 Qe7 32. Qf3 Qh4 33. g3 Qh5 34.
Rf1 Bd5 35. Nf6+ 1-0

[Event "47. Ilmar Raud Memorial"]
[Site "Viljandi"]
[Date "2013.07.02"]
[Round "3"]
[White "Fomina, Tatjana"]
[Black "Narva, Mai"]
[Result "1-0"]
[WhiteElo "2222"]
[BlackElo "1854"]
[PlyCount "67"]
[EventDate "2013.??.??"]
[EventCountry "EST"]

1. d4 d5 2. Nc3 Nf6 3. Bg5 e6 4. e4 dxe4 5. Nxe4 Be7 6. Bxf6 Bxf6 7. Nf3 O-O 8.
c3 Qe7 9. Bd3 Nd7 10. g4 g6 11. Nxf6+ Nxf6 12. g5 Nd5 13. Qd2 c5 14. O-O-O cxd4
15. Nxd4 a6 16. h4 e5 17. Rde1 Qc7 18. Nf3 Nb4 19. Bb1 Nc6 20. Qe3 Re8 21. h5
Be6 22. Nd2 Bd5 23. Ne4 Bxe4 24. Qxe4 Kg7 25. hxg6 hxg6 26. Rh6 Rh8 27. Qh4
Rad8 28. Bc2 Rdg8 29. Rh1 Qd8 30. f4 exf4 31. Qxf4 Qe7 32. Qf6+ Qxf6 33. gxf6+
Kxf6 34. Rxh8 1-0

[Event "47. Ilmar Raud Memorial"]
[Site "Viljandi"]
[Date "2013.07.02"]
[Round "3"]
[White "Chukavin, Kirill"]
[Black "Korstin, Maris"]
[Result "0-1"]
[WhiteElo "1871"]
[BlackElo "2222"]
[PlyCount "132"]
[EventDate "2013.??.??"]
[EventCountry "EST"]

1. c4 e6 2. Nc3 c5 3. Nf3 Nc6 4. d4 cxd4 5. Nxd4 Nf6 6. g3 Bb4 7. Nxc6 bxc6 8.
Qb3 a5 9. a3 Bc5 10. Na4 Be7 11. c5 Ba6 12. Qc2 Rb8 13. Bf4 Rb7 14. Bg2 Nd5 15.
Bd2 O-O 16. e4 Nf6 17. O-O-O Be2 18. Rde1 Bb5 19. Be3 Ng4 20. Nc3 Nxe3 21. fxe3
Bxc5 22. Nxb5 cxb5 23. Kb1 Qb6 24. e5 Rc7 25. Qd3 a4 26. Be4 h6 27. Re2 b4 28.
Ka2 Rb8 29. Rc1 bxa3 30. bxa3 Qa7 31. Rb1 Rcc8 32. Rbb2 Rxb2+ 33. Rxb2 Rb8 34.
Rxb8+ Qxb8 35. Qc3 Qa7 36. Bc2 Bf8 37. Qd4 Bc5 38. Qe4 g6 39. Bxa4 Bxe3 40.
Bxd7 Bc1 41. Ba4 Qc5 42. Qd3 Qxe5 43. Qc2 Bg5 44. Bc6 Bf6 45. a4 Kg7 46. Bb5
Qd4 47. Kb3 Qd5+ 48. Qc4 Qd1+ 49. Qc2 Qa1 50. Be2 h5 51. Bd3 Qe1 52. Bb5 h4 53.
gxh4 Qxh4 54. a5 Qg5 55. Qd3 Qc1 56. a6 Qb2+ 57. Kc4 Qxh2 58. Bc6 Qa2+ 59. Kb5
Qb2+ 60. Kc4 Qb6 61. Bb7 g5 62. Qd7 g4 63. Bc8 g3 64. a7 g2 65. a8=Q g1=Q 66.
Qd3 Qgc5# 0-1

[Event "47. Ilmar Raud Memorial"]
[Site "Viljandi"]
[Date "2013.07.02"]
[Round "3"]
[White "Valner, Uku"]
[Black "Lumiste, Rene"]
[Result "1-0"]
[WhiteElo "2215"]
[BlackElo "1768"]
[PlyCount "67"]
[EventDate "2013.??.??"]
[EventCountry "EST"]

1. e4 c5 2. Nc3 Nc6 3. g3 g6 4. Bg2 Bg7 5. d3 d6 6. f4 Nf6 7. Nf3 O-O 8. O-O
Rb8 9. h3 b5 10. Be3 b4 11. Ne2 a5 12. Rb1 Ba6 13. Qd2 a4 14. b3 axb3 15. axb3
Ne8 16. f5 Nc7 17. Bh6 Nb5 18. Bxg7 Kxg7 19. Rf2 Nbd4 20. Rbf1 Qa5 21. Nfxd4
Nxd4 22. f6+ exf6 23. Rxf6 Nxe2+ 24. Qxe2 Qd8 25. e5 Qe7 26. Bd5 Kh8 27. Qe4
Bc8 28. Rxf7 Rxf7 29. Rxf7 Qxe5 30. Rf8+ Kg7 31. Rg8+ Kh6 32. Qh4+ Qh5 33. Qf4+
Qg5 34. Qf8+ 1-0

[Event "47. Ilmar Raud Memorial"]
[Site "Viljandi"]
[Date "2013.07.02"]
[Round "3"]
[White "Telenius, Kimmo"]
[Black "Tuul, Tarmo"]
[Result "0-1"]
[WhiteElo "1682"]
[BlackElo "2062"]
[PlyCount "24"]
[EventDate "2013.??.??"]
[EventCountry "EST"]

1. e4 c6 2. c4 e5 3. d4 Bb4+ 4. Bd2 Bxd2+ 5. Qxd2 d6 6. Nc3 Nf6 7. dxe5 dxe5 8.
Qg5 O-O 9. Qxe5 Qb6 10. O-O-O Ng4 11. Qd4 Qxd4 12. Rxd4 Nxf2 0-1

[Event "47. Ilmar Raud Memorial"]
[Site "Viljandi"]
[Date "2013.07.03"]
[Round "4"]
[White "Kovalev, Vladislav"]
[Black "Kveinys, Aloyzas"]
[Result "1-0"]
[WhiteElo "2558"]
[BlackElo "2479"]
[PlyCount "93"]
[EventDate "2013.??.??"]
[EventCountry "EST"]
[TimeControl "40/5400+30:900+30"]

1. e4 c5 2. Nf3 e6 3. d4 cxd4 4. Nxd4 a6 5. Bd3 Nf6 6. O-O Qc7 7. Qe2 d6 8. c4
g6 9. Nc3 Bg7 10. Rd1 O-O 11. Nf3 Nc6 12. h3 Nd7 13. Bf4 Bxc3 14. bxc3 f6 15.
Be3 Nc5 16. Bxc5 dxc5 17. e5 Nxe5 18. Nxe5 Qxe5 19. Qxe5 fxe5 20. Be4 Kf7 21.
Rab1 Ke7 22. a4 a5 23. Rb5 Ra7 24. Rdb1 Kd6 25. Rd1+ Ke7 26. Rdb1 Kd6 27. f3
Rh8 28. Kf2 g5 29. Rd1+ Ke7 30. Rdb1 Kd6 31. Rd1+ Ke7 32. Rxc5 b6 33. Rxe5 Kf6
34. Rb5 Bd7 35. Rxb6 Rc8 36. Rd5 h6 37. Bf5 Rcc7 38. Bg4 h5 39. Bxh5 Bxa4 40.
Rdd6 Bd7 41. Bg4 Rab7 42. c5 Ke7 43. Rxb7 Rxb7 44. Ra6 Rb5 45. c6 Be8 46. c7
Bd7 47. Rxe6+ 1-0

[Event "47. Ilmar Raud Memorial"]
[Site "Viljandi"]
[Date "2013.07.03"]
[Round "4"]
[White "Shvyrjov, Igor"]
[Black "Neiksans, Arturs"]
[Result "0-1"]
[WhiteElo "2461"]
[BlackElo "2554"]
[PlyCount "82"]
[EventDate "2013.??.??"]
[EventCountry "EST"]
[TimeControl "40/5400+30:900+30"]

1. d4 f5 2. Nc3 Nf6 3. Bg5 d5 4. e3 e6 5. Nf3 Be7 6. Be2 O-O 7. O-O Nbd7 8. Na4
b6 9. c4 Bb7 10. Rc1 c5 11. Qb3 Ne4 12. Bxe7 Qxe7 13. cxd5 Bxd5 14. Qa3 Rac8
15. Rc2 Ng5 16. Rfc1 Nxf3+ 17. Bxf3 Bxf3 18. gxf3 Qg5+ 19. Kf1 Qh5 20. Qb3 Rce8
21. dxc5 bxc5 22. Nxc5 Nxc5 23. Rxc5 Qxf3 24. Rc7 Qh1+ 25. Ke2 Qxh2 26. Qb7
Qh5+ 27. Ke1 Qg6 28. Qxa7 f4 29. exf4 Rxf4 30. Rc8 Qg1+ 31. Ke2 Qg4+ 32. Kf1
Qh3+ 33. Ke1 Qh1+ 34. Ke2 Qf3+ 35. Kd2 Qd5+ 36. Ke2 Re4+ 37. Kf1 Qb5+ 38. Kg2
Rg4+ 39. Kf3 Qf5+ 40. Ke2 Re4+ 41. Kf1 Qh3+ 0-1

[Event "47. Ilmar Raud Memorial"]
[Site "Viljandi"]
[Date "2013.07.03"]
[Round "4"]
[White "Volodin, Aleksandr"]
[Black "Seeman, Tarvo"]
[Result "1/2-1/2"]
[WhiteElo "2485"]
[BlackElo "2376"]
[PlyCount "81"]
[EventDate "2013.??.??"]
[EventCountry "EST"]
[TimeControl "40/5400+30:900+30"]

1. d4 g6 2. e4 Bg7 3. Nf3 d6 4. Be2 Nf6 5. Nc3 O-O 6. O-O Bg4 7. Be3 Nc6 8. Bb5
Nd7 9. Bxc6 bxc6 10. h3 Bxf3 11. Qxf3 Qb8 12. Rab1 Qb4 13. Rfd1 Qc4 14. Qe2
Qxe2 15. Nxe2 e5 16. dxe5 Nxe5 17. f4 Nc4 18. Bd4 Rfe8 19. Bxg7 Kxg7 20. Rd4
Nb6 21. Nc3 h5 22. Kf2 a5 23. Re1 f6 24. Na4 Reb8 25. Nxb6 Rxb6 26. b3 c5 27.
Rd5 c4 28. e5 fxe5 29. fxe5 cxb3 30. axb3 a4 31. exd6 cxd6 32. bxa4 Rxa4 33.
Re6 Rf4+ 34. Ke3 Rf6 35. Re7+ Rf7 36. Re8 Rc6 37. Rd2 Rfc7 38. Re6 Kf7 39.
Rdxd6 Rxd6 40. Rxd6 Rxc2 41. Ke4 1/2-1/2

[Event "47. Ilmar Raud Memorial"]
[Site "Viljandi"]
[Date "2013.07.03"]
[Round "4"]
[White "Ladva, Ottomar"]
[Black "Sriram, Jha"]
[Result "1-0"]
[WhiteElo "2310"]
[BlackElo "2437"]
[PlyCount "97"]
[EventDate "2013.??.??"]
[EventCountry "EST"]
[TimeControl "40/5400+30:900+30"]

1. d4 d5 2. c4 c6 3. Nf3 Nf6 4. Nc3 a6 5. e3 b5 6. b3 Bg4 7. h3 Bxf3 8. Qxf3 e6
9. Bd2 Nbd7 10. Bd3 Bd6 11. O-O O-O 12. e4 dxc4 13. bxc4 e5 14. d5 bxc4 15.
Bxc4 Nb6 16. Bb3 cxd5 17. exd5 Rc8 18. Bg5 Be7 19. Bxf6 Bxf6 20. Ne4 Bg5 21. d6
Kh8 22. Bxf7 Rc4 23. Nxg5 Qxg5 24. Qe3 Rf4 25. Qxb6 R4xf7 26. Rad1 h6 27. Qxa6
e4 28. Qe2 Qe5 29. Rfe1 Qa5 30. d7 Qc7 31. Qg4 Rd8 32. Qxe4 Rfxd7 33. Rxd7 Qxd7
34. a4 Qd2 35. Re3 Qd1+ 36. Kh2 Rf8 37. f4 Qa1 38. Rg3 Rf6 39. Qe5 Qb1 40. Qe7
Qh7 41. Qe8+ Qg8 42. Qxg8+ Kxg8 43. Rf3 Kf7 44. Kg3 Ke6 45. a5 Kd7 46. Ra3 Ra6
47. Kf3 h5 48. Ke4 Kc7 49. Kf5 1-0

[Event "47. Ilmar Raud Memorial"]
[Site "Viljandi"]
[Date "2013.07.03"]
[Round "4"]
[White "Agopov, Mikael"]
[Black "Dubrovin, Robert"]
[Result "1-0"]
[WhiteElo "2429"]
[BlackElo "2197"]
[PlyCount "68"]
[EventDate "2013.??.??"]
[EventCountry "EST"]
[TimeControl "40/5400+30:900+30"]

1. e4 e6 2. d4 d5 3. Nc3 Nf6 4. e5 Nfd7 5. f4 c5 6. Nf3 Nc6 7. Be3 cxd4 8. Nxd4
Bc5 9. Qd2 O-O 10. O-O-O Bxd4 11. Bxd4 Qa5 12. Kb1 Rb8 13. h4 b5 14. Bf2 b4 15.
Ne2 Ba6 16. Rh3 f6 17. Nd4 Nxd4 18. Qxd4 Bxf1 19. Rxf1 fxe5 20. fxe5 Qb5 21.
Re1 a5 22. h5 a4 23. h6 g6 24. Bh4 Rf7 25. Rf3 Rbf8 26. Bf6 Nc5 27. Bg7 Rxf3
28. gxf3 Rxf3 29. Qh4 Qe8 30. Qxb4 Ne4 31. c4 Rf7 32. cxd5 exd5 33. e6 Re7 34.
Rf1 Qd8 1-0

[Event "47. Ilmar Raud Memorial"]
[Site "Viljandi"]
[Date "2013.07.03"]
[Round "4"]
[White "Khalifman, Alexander"]
[Black "Bernotas, Arturs"]
[Result "1-0"]
[WhiteElo "2630"]
[BlackElo "2281"]
[PlyCount "73"]
[EventDate "2013.??.??"]
[EventCountry "EST"]

1. d4 Nf6 2. c4 e6 3. Nf3 b6 4. a3 Bb7 5. Nc3 d5 6. cxd5 Nxd5 7. Qc2 Be7 8. e4
Nxc3 9. bxc3 O-O 10. Bd3 c5 11. O-O Nc6 12. Bb2 Na5 13. Qe2 Qc7 14. Rad1 Rfd8
15. Nd2 Bg5 16. Nf3 Be7 17. Rfe1 Rac8 18. h4 h6 19. h5 Bc6 20. e5 cxd4 21. Nxd4
Bd5 22. Bb1 Bg5 23. Qc2 Kf8 24. Qh7 Ke7 25. Bc1 Bxc1 26. Rxc1 Ba8 27. Qxg7 Rg8
28. Qf6+ Ke8 29. Be4 Bxe4 30. Rxe4 Qe7 31. Qxh6 Kd7 32. Qd2 Nc4 33. Qd3 Ke8 34.
Nf3 b5 35. a4 a6 36. axb5 axb5 37. h6 1-0